[Event "5. Bamberg Open A"]
[Site "Bamberg"]
[Date "2023.07.27"]
[Round "2"]
[Board "14"]
[White "Foerster, Jonas"]
[Black "Mohylnyi, Stepan"]
[Result "1-0"]
[WhiteElo "2262"]
[BlackElo "2013"]
[PlyCount "87"]
[EventDate "2023.07.26"]
[EventRounds "7"]
[EventCountry "GER"]

1. Nf3 Nf6 2. c4 g6 3. Nc3 d5 4. e3 Bg7 5. cxd5 Nxd5 6. Qb3 Nb6 7. Bb5+ Bd7 8. O-O
O-O 9. d4 Bg4 10. Be2 a5 11. h3 Be6 12. Qc2 a4 13. Bd2 Nc6 14. Nb5 h6 15. e4 Bd7
16. d5 Ne5 17. Nxe5 Bxe5 18. Bxh6 Re8 19. Rad1 Ra5 20. Nd4 Qc8 21. Qd3 e6 22. dxe6
Bxe6 23. Nxe6 Qxe6 24. b3 axb3 25. axb3 Bf6 26. Qf3 Bh8 27. Rd3 Nd7 28. Qg3 Nc5 29.
Qxc7 b6 30. Rd6 Qe5 31. Bc4 Ne6 32. Qxb6 g5 33. Bxe6 Rxe6 34. Rxe6 fxe6 35. h4 gxh4
36. Qd8+ Kf7 37. Qxh4 Bf6 38. Qg4 Ra8 39. Qf3 Rc8 40. Bf4 Qb5 41. e5 Be7 42. Qh5+
Kg8 43. Qg6+ Kh8 44. Qh6+  1-0

[Event "5. Bamberg Open A"]
[Site "Bamberg"]
[Date "2023.07.27"]
[Round "2"]
[Board "15"]
[White "Bieberle, Jan"]
[Black "Albert, Markus"]
[Result "0-1"]
[WhiteElo "1794"]
[BlackElo "2256"]
[PlyCount "74"]
[EventDate "2023.07.26"]
[EventRounds "7"]
[EventCountry "GER"]

1. e4 d5 2. exd5 Nf6 3. Nf3 Nxd5 4. d4 Bf5 5. Bd3 Bxd3 6. Qxd3 c6 7. O-O e6 8. c4
Nf6 9. Nc3 Be7 10. Bf4 O-O 11. Rad1 Nbd7 12. Rfe1 Re8 13. Ng5 Qa5 14. Re3 Rad8 15.
Qe2 Nf8 16. Nge4 Ng6 17. Bg3 Nxe4 18. Rxe4 Rd7 19. h4 Red8 20. h5 Nf8 21. d5 cxd5
22. cxd5 Bf6 23. dxe6 Rxd1+ 24. Nxd1 Nxe6 25. Nc3 Bxc3 26. bxc3 Qxc3 27. h6 Qc1+
28. Kh2 Qxh6+ 29. Rh4 Qc1 30. Qe4 h6 31. Qxb7 Rd1 32. Qa8+ Kh7 33. Qe4+ g6 34. Be5
Re1 35. Qd5 Rh1+ 36. Kg3 Rxh4 37. Kxh4 Qg5+  0-1

[Event "5. Bamberg Open A"]
[Site "Bamberg"]
[Date "2023.07.27"]
[Round "3"]
[Board "1"]
[White "Mazur, Stefan"]
[Black "Zwahr, Paul"]
[Result "1-0"]
[WhiteElo "2467"]
[BlackElo "2280"]
[PlyCount "103"]
[EventDate "2023.07.26"]
[EventRounds "7"]
[EventCountry "GER"]

1. e4 e5 2. Nf3 Nc6 3. Bb5 Nf6 4. O-O Nxe4 5. Re1 Nd6 6. a4 Be7 7. Nc3 a6 8. Bf1
e4 9. Nxe4 Nxe4 10. Rxe4 d5 11. Re1 d4 12. Ne5 Nxe5 13. Rxe5 Be6 14. Qf3 c6 15. Rxe6
fxe6 16. Bc4 Qa5 17. Qe2 O-O-O 18. d3 Bd6 19. Bd2 Qc7 20. g3 a5 21. Qxe6+ Kb8 22.
Qf5 b6 23. Re1 g6 24. Qg4 Ka7 25. Re4 Bc5 26. Qe2 Rhf8 27. Bg5 Rc8 28. h4 Qb8 29.
Be6 Rcd8 30. Bxd8 Qxd8 31. Bh3 Kb7 32. Re6 Rf6 33. Re8 Qc7 34. Qe4 Rf7 35. Bg2 Rd7
36. Re6 Bd6 37. Qxd4 Bxg3 38. Qxd7 Qxd7 39. Bxc6+ Qxc6 40. Rxc6 Bxf2+ 41. Kxf2 Kxc6
42. Ke3 Kd5 43. c4+ Ke5 44. d4+ Kf5 45. b4 axb4 46. c5 b3 47. Kd2 bxc5 48. a5 cxd4
49. a6 b2 50. Kc2 Ke4 51. a7 Ke3 52. a8=Q  1-0

[Event "5. Bamberg Open A"]
[Site "Bamberg"]
[Date "2023.07.27"]
[Round "3"]
[Board "2"]
[White "Burdalev, Kirill"]
[Black "Foerster, Jonas"]
[Result "0-1"]
[WhiteElo "2363"]
[BlackElo "2262"]
[PlyCount "64"]
[EventDate "2023.07.26"]
[EventRounds "7"]
[EventCountry "GER"]

1. d4 Nf6 2. c4 e6 3. Nf3 d5 4. Nc3 Be7 5. Bf4 c6 6. e3 Nbd7 7. c5 a5 8. a3 Ne4 9.
Nxe4 dxe4 10. Nd2 e5 11. Bg3 O-O 12. Bc4 exd4 13. exd4 Kh8 14. h4 f5 15. Bf4 b6 16.
h5 bxc5 17. d5 cxd5 18. Bxd5 Ne5 19. Nxe4 Qc7 20. Bxe5 Qxe5 21. Bxa8 Ba6 22. Bc6
fxe4 23. Qd2 Bg5 24. Qc3 Qf4 25. Qe3 Qe5 26. Qc3 Qf5 27. f3 exf3 28. gxf3 Qf4 29.
h6 Bxh6 30. Kf2 Rd8 31. Rad1 Rxd1 32. Rxd1 Qh2+  0-1

[Event "5. Bamberg Open A"]
[Site "Bamberg"]
[Date "2023.07.27"]
[Round "3"]
[Board "3"]
[White "Albert, Markus"]
[Black "Bournel, Antoine"]
[Result "1/2-1/2"]
[WhiteElo "2256"]
[BlackElo "2358"]
[PlyCount "22"]
[EventDate "2023.07.26"]
[EventRounds "7"]
[EventCountry "GER"]

1. Nc3 d5 2. e4 d4 3. Nce2 c5 4. Ng3 Nc6 5. Bc4 Nf6 6. Nf3 h5 7. d3 h4 8. Ne2 Bg4
9. Ng5 Ne5 10. h3 Nxc4 11. dxc4 Bxe2  1/2-1/2

[Event "5. Bamberg Open A"]
[Site "Bamberg"]
[Date "2023.07.27"]
[Round "3"]
[Board "4"]
[White "Kolb, Tobias"]
[Black "Boehme, Sebastian"]
[Result "1/2-1/2"]
[WhiteElo "2325"]
[BlackElo "2215"]
[PlyCount "44"]
[EventDate "2023.07.26"]
[EventRounds "7"]
[EventCountry "GER"]

1. d4 e6 2. c4 Nf6 3. Nc3 d5 4. cxd5 exd5 5. Bg5 Bb4 6. e3 h6 7. Bxf6 Qxf6 8. Qb3
Qd6 9. a3 Bxc3+ 10. Qxc3 Bf5 11. Qb4 Ke7 12. Ne2 Nd7 13. Nc3 c6 14. Be2 a5 15. Qb3
Rhe8 16. O-O Kf8 17. Rac1 b5 18. Qd1 a4 19. Na2 Nb6 20. Rc5 Nd7 21. Rc3 Nb6 22. Rc5
Nd7  1/2-1/2

[Event "5. Bamberg Open A"]
[Site "Bamberg"]
[Date "2023.07.27"]
[Round "3"]
[Board "5"]
[White "Fischer, Edwin"]
[Black "Kowalczyk, Pawel"]
[Result "1/2-1/2"]
[WhiteElo "2216"]
[BlackElo "2332"]
[PlyCount "88"]
[EventDate "2023.07.26"]
[EventRounds "7"]
[EventCountry "GER"]

1. d4 Nf6 2. Nf3 g6 3. g3 Bg7 4. Bg2 d5 5. c4 c6 6. cxd5 cxd5 7. O-O O-O 8. Ne5 Nc6
9. Nc3 e6 10. Nxc6 bxc6 11. Na4 Nd7 12. Bf4 e5 13. dxe5 Nxe5 14. Rc1 Bd7 15. b3 Re8
16. Nc5 Bf5 17. Qd2 Qe7 18. Rfe1 Rad8 19. Qa5 g5 20. Bxe5 Bxe5 21. e4 Bg6 22. exd5
cxd5 23. Qd2 Qf6 24. Nd3 Bd4 25. Nb4 Rxe1+ 26. Qxe1 Be4 27. Nc6 Re8 28. Nxd4 Qxd4
29. Rd1 Qc5 30. Qd2 h6 31. b4 Qb6 32. a4 Rc8 33. a5 Qb5 34. Bxe4 dxe4 35. Rb1 a6
36. Rc1 Re8 37. Rc5 Qb7 38. Qc3 Qd7 39. Rc7 Qd1+ 40. Kg2 g4 41. Rc8 Qf3+ 42. Kg1
Qd1+ 43. Kg2 Qf3+ 44. Kg1 Qd1+  1/2-1/2

[Event "5. Bamberg Open A"]
[Site "Bamberg"]
[Date "2023.07.27"]
[Round "3"]
[Board "6"]
[White "Chassard, Cedric"]
[Black "Pribyl, Josef"]
[Result "1/2-1/2"]
[WhiteElo "2326"]
[BlackElo "2230"]
[PlyCount "59"]
[EventDate "2023.07.26"]
[EventRounds "7"]
[EventCountry "GER"]

1. e4 d6 2. d4 Nf6 3. Nc3 e5 4. Nf3 Nbd7 5. g4 h6 6. g5 hxg5 7. Nxg5 exd4 8. Qxd4
c6 9. f4 Nh7 10. Nxh7 Rxh7 11. Be3 Qh4+ 12. Kd2 Nf6 13. Re1 Be6 14. Bd3 Ng4 15. Kc1
Nxe3 16. Qxe3 Be7 17. Kb1 Rh6 18. e5 d5 19. Ne2 Qh3 20. Qg1 g6 21. Nd4 Bc5 22. f5
Bxd4 23. Qxd4 gxf5 24. Rhg1 Rg6 25. Qc5 Qh4 26. Ba6 Bc8 27. e6 fxe6 28. Bd3 Bd7 29.
Bxf5 Rxg1 30. Qxg1  1/2-1/2

[Event "5. Bamberg Open A"]
[Site "Bamberg"]
[Date "2023.07.27"]
[Round "3"]
[Board "7"]
[White "Heigermoser, Robert"]
[Black "Koepke, Christian"]
[Result "0-1"]
[WhiteElo "2129"]
[BlackElo "2313"]
[PlyCount "96"]
[EventDate "2023.07.26"]
[EventRounds "7"]
[EventCountry "GER"]

1. e4 Nf6 2. e5 Nd5 3. d4 d6 4. c4 Nb6 5. exd6 cxd6 6. Nf3 g6 7. h3 Bg7 8. Be2 O-O
9. Nc3 Nc6 10. O-O Bf5 11. d5 Na5 12. Nd4 Naxc4 13. a4 Rc8 14. a5 Na8 15. a6 bxa6
16. Nc6 Rxc6 17. dxc6 Ne5 18. Rxa6 Nc7 19. Rxa7 Nxc6 20. Ra4 Qb8 21. Bf3 Ne5 22.
Be4 Be6 23. Nd5 Nxd5 24. Bxd5 Bxd5 25. Qxd5 e6 26. Qa2 Nd3 27. b3 Nc5 28. Ra3 d5
29. Bb2 d4 30. b4 Qxb4 31. Ra8 Qd2 32. Qa1 e5 33. Bc1 Qe2 34. Rxf8+ Bxf8 35. Qa8
Ne6 36. Bh6 d3 37. Bxf8 Nxf8 38. Qa6 Ne6 39. g3 Ng5 40. Kg2 Qf3+ 41. Kh2 Qe4 42.
h4 Nf3+ 43. Kh3 h5 44. Qf6 Ne1 45. Rg1 Qg4+ 46. Kh2 Nf3+ 47. Kg2 Nxg1 48. Kxg1 Qe2
 0-1

[Event "5. Bamberg Open A"]
[Site "Bamberg"]
[Date "2023.07.27"]
[Round "3"]
[Board "8"]
[White "Becker, Tobias"]
[Black "Haack, Kevin"]
[Result "1/2-1/2"]
[WhiteElo "2111"]
[BlackElo "2296"]
[PlyCount "81"]
[EventDate "2023.07.26"]
[EventRounds "7"]
[EventCountry "GER"]

1. e4 c6 2. d4 d5 3. e5 Bf5 4. Nf3 e6 5. Be2 Nd7 6. O-O h6 7. c3 Ne7 8. a4 g5 9.
Na3 Bg7 10. Nc2 Qc7 11. Ne3 Be4 12. Bd3 Bxd3 13. Qxd3 O-O-O 14. b4 f6 15. exf6 Nxf6
16. Ne5 Rdf8 17. Ba3 Nh5 18. b5 c5 19. Qd1 Bxe5 20. Qxh5 Bd6 21. Qh3 Rf6 22. c4 cxd4
23. Nxd5 Nxd5 24. cxd5 Bxa3 25. Qxa3 Kb8 26. Rac1 Qd7 27. dxe6 Rxe6 28. Qg3+ Qd6
29. Rfd1 Qxg3 30. hxg3 Rd8 31. Rd3 g4 32. Rcd1 Red6 33. f3 Kc7 34. Rc1+ Kb6 35. Rc4
h5 36. Kf2 Rd5 37. Ke2 Re8+ 38. Kd2 Red8 39. Kc2 Rc5 40. Kb3 Re5 41. Rcxd4  1/2-1/2

[Event "5. Bamberg Open A"]
[Site "Bamberg"]
[Date "2023.07.27"]
[Round "3"]
[Board "9"]
[White "Ronka, Erik"]
[Black "Heppert, Lars"]
[Result "1-0"]
[WhiteElo "2294"]
[BlackElo "1887"]
[PlyCount "101"]
[EventDate "2023.07.26"]
[EventRounds "7"]
[EventCountry "GER"]

1. e4 c5 2. Nf3 g6 3. d4 cxd4 4. Nxd4 Bg7 5. Nc3 Nc6 6. Be3 Nf6 7. Bc4 O-O 8. Bb3
Ng4 9. Qxg4 Nxd4 10. Qd1 Nxb3 11. axb3 d6 12. Qd2 b6 13. Bh6 Be6 14. h4 f6 15. Bxg7
Kxg7 16. h5 g5 17. h6+ Kh8 18. Nd5 Bf7 19. Qd4 Bxd5 20. exd5 Qd7 21. O-O g4 22. Rfe1
Rg8 23. Re6 Rg6 24. Rae1 Re8 25. Qe3 g3 26. fxg3 Reg8 27. Rxe7 Qf5 28. Qe4 Qg5 29.
Re8 Qxg3 30. Rxg8+ Rxg8 31. Re2 Qg5 32. Re3 Qxh6 33. Qf3 Qg5 34. c3 Rg6 35. c4 a6
36. Re2 h5 37. Re4 Qc1+ 38. Kh2 Kg8 39. Re2 h4 40. Qe3 Qf1 41. Rf2 Qd1 42. Qe6+ Kg7
43. Qe7+ Kh6 44. Rxf6 Qxb3 45. Rxg6+ Kxg6 46. Qxd6+ Kg5 47. Qe5+ Kg4 48. d6 Qxc4
49. d7 Qd3 50. Qe6+ Kf4 51. Qf6+  1-0

[Event "5. Bamberg Open A"]
[Site "Bamberg"]
[Date "2023.07.27"]
[Round "3"]
[Board "10"]
[White "Chennaoui, Yasin"]
[Black "Moehn, Hans"]
[Result "0-1"]
[WhiteElo "2113"]
[BlackElo "2382"]
[PlyCount "142"]
[EventDate "2023.07.26"]
[EventRounds "7"]
[EventCountry "GER"]

1. Nf3 Nf6 2. b3 g6 3. Bb2 Bg7 4. c4 O-O 5. Nc3 c5 6. g3 Nc6 7. Bg2 d6 8. O-O e5
9. d3 Rb8 10. Ne1 Be6 11. Nc2 d5 12. cxd5 Nxd5 13. Nxd5 Bxd5 14. Bxd5 Qxd5 15. Ne3
Qd7 16. Rc1 b6 17. a3 a5 18. Qc2 Rfe8 19. Rfe1 Rbd8 20. Bc3 Re6 21. Nc4 Qc7 22. a4
h5 23. Qb2 Nd4 24. Kg2 Qb7+ 25. e4 Bh6 26. Rcd1 h4 27. Bxd4 Rxd4 28. Qe2 Qd7 29.
Qg4 hxg3 30. hxg3 Qd8 31. Rh1 Bg7 32. Qh4 Bf6 33. Qh7+ Kf8 34. Qh6+ Ke7 35. Ne3 Red6
36. Nd5+ R6xd5 37. exd5 Qxd5+ 38. Kh2 Qxb3 39. Qe3 Qxa4 40. f4 e4 41. Rhe1 Kf8 42.
Qe2 exd3 43. Rxd3 Qc4 44. Qe8+ Kg7 45. Rxd4 cxd4 46. Rh1 d3 47. Kg1 Bd4+ 48. Kg2
Qd5+ 49. Kh2 d2 50. Qe2 Qh5+ 51. Qxh5 gxh5 52. Kg2 a4 53. Kf3 a3 54. Ke4 Bf6 55.
Kd3 a2 56. Kxd2 a1=Q 57. Rxa1 Bxa1 58. Ke3 f5 59. Kd3 b5 60. Kc2 Bd4 61. Kb3 Bf2
62. Kb4 Bxg3 63. Kxb5 h4 64. Kc4 h3 65. Kd5 Kf6 66. Kd4 h2 67. Ke3 h1=Q 68. Ke2 Qe4+
69. Kf1 Qe1+ 70. Kg2 Qf2+ 71. Kh1 Qf1#  0-1

[Event "5. Bamberg Open A"]
[Site "Bamberg"]
[Date "2023.07.27"]
[Round "3"]
[Board "11"]
[White "Tschernatsch, Johannes"]
[Black "Metzdorf, Matteo"]
[Result "1/2-1/2"]
[WhiteElo "2303"]
[BlackElo "1985"]
[PlyCount "42"]
[EventDate "2023.07.26"]
[EventRounds "7"]
[EventCountry "GER"]

1. Nf3 Nf6 2. g3 d5 3. Bg2 e6 4. O-O Be7 5. b3 O-O 6. c4 c5 7. cxd5 Nxd5 8. Bb2 b6
9. e4 Nb4 10. d4 Ba6 11. Re1 Nd3 12. Re2 Nxb2 13. Rxb2 cxd4 14. b4 Bb7 15. e5 Nc6
16. b5 Nb4 17. a3 Nd5 18. Rd2 Rc8 19. Rxd4 Qc7 20. Nbd2 Nc3 21. Qe1 Nxb5  1/2-1/2

[Event "5. Bamberg Open A"]
[Site "Bamberg"]
[Date "2023.07.27"]
[Round "3"]
[Board "12"]
[White "Lechermann, Markus"]
[Black "Derichs, Roger"]
[Result "1/2-1/2"]
[WhiteElo "2099"]
[BlackElo "2286"]
[PlyCount "98"]
[EventDate "2023.07.26"]
[EventRounds "7"]
[EventCountry "GER"]

1. d4 d5 2. Bf4 Nf6 3. e3 e6 4. Nd2 c5 5. c3 Nc6 6. Ngf3 Be7 7. Bd3 Nh5 8. Bg3 g6
9. Ne5 Qb6 10. Rb1 O-O 11. Qf3 Nxe5 12. Bxe5 f6 13. Bg3 Bd7 14. Bh4 Bc6 15. Qh3 Ng7
16. f4 Bb5 17. Bc2 a5 18. Nf3 Bd6 19. Bxf6 Rxf6 20. Ng5 h5 21. g4 Be8 22. Rg1 cxd4
23. gxh5 d3 24. Bxd3 Nxh5 25. Kd2 Bf8 26. Nf3 Bg7 27. Qh4 Qd8 28. Ne5 Rf8 29. Qh3
Rf5 30. Nxg6 Nf6 31. Bxf5 exf5 32. Ne5 Ne4+ 33. Kc2 Ba4+ 34. b3 Qc7 35. Rxg7+ Qxg7
36. bxa4 Rc8 37. Rb6 Rxc3+ 38. Kb2 Rc6 39. Rxc6 bxc6 40. Qxf5 Nc5 41. Qg5 Nd3+ 42.
Kc3 Qxg5 43. fxg5 Nxe5 44. Kd4 Nd7 45. e4 dxe4 46. Kxe4 Kf7 47. Kf5 c5 48. h4 c4
49. Ke4 Kg6  1/2-1/2

[Event "5. Bamberg Open A"]
[Site "Bamberg"]
[Date "2023.07.27"]
[Round "3"]
[Board "13"]
[White "Boder, Jan"]
[Black "Martin Fernandez, Rodrigo"]
[Result "1/2-1/2"]
[WhiteElo "2264"]
[BlackElo "2096"]
[PlyCount "89"]
[EventDate "2023.07.26"]
[EventRounds "7"]
[EventCountry "GER"]

1. c4 Nf6 2. g3 e6 3. Bg2 d5 4. Nf3 Be7 5. O-O O-O 6. d4 dxc4 7. Ne5 c5 8. dxc5 Qc7
9. Nxc4 Qxc5 10. Nbd2 Rd8 11. b3 Nc6 12. Ba3 Nb4 13. Bb2 Qb5 14. a3 Nc6 15. e3 Bd7
16. Nf3 Be8 17. Qc2 Rac8 18. Nd4 Nxd4 19. Bxd4 Bc6 20. a4 Qa6 21. Qb2 Bxg2 22. Kxg2
b6 23. Kg1 Qb7 24. Rfc1 h5 25. Qe2 Qe4 26. f3 Qb7 27. a5 Nd7 28. axb6 axb6 29. f4
h4 30. gxh4 Qe4 31. Qg2 Qxg2+ 32. Kxg2 Bc5 33. Bxc5 bxc5 34. Ra7 Nf6 35. Ne5 Rd2+
36. Kf3 Rxh2 37. b4 Rd8 38. Ng4 Nxg4 39. Kxg4 cxb4 40. Kg3 Re2 41. Kf3 Rh2 42. Rcc7
Rf8 43. Kg3 Re2 44. Kf3 Rh2 45. Kg3  1/2-1/2

[Event "5. Bamberg Open A"]
[Site "Bamberg"]
[Date "2023.07.27"]
[Round "3"]
[Board "14"]
[White "Kocak, Ediz"]
[Black "Carmesin, Leon Lucas Finn"]
[Result "1/2-1/2"]
[WhiteElo "2134"]
[BlackElo "2042"]
[PlyCount "37"]
[EventDate "2023.07.26"]
[EventRounds "7"]
[EventCountry "GER"]

1. d4 Nf6 2. Nf3 g6 3. Bf4 Bg7 4. c3 d5 5. h3 Nbd7 6. Nbd2 c5 7. e3 Qb6 8. Qb3 c4
9. Qxb6 axb6 10. Be2 O-O 11. Bd1 b5 12. Bc2 Nb8 13. a3 Bf5 14. O-O-O Nc6 15. Rhe1
Rfd8 16. g4 Bxc2 17. Kxc2 e6 18. Ne5 h6 19. f3  1/2-1/2

[Event "5. Bamberg Open A"]
[Site "Bamberg"]
[Date "2023.07.27"]
[Round "3"]
[Board "15"]
[White "Johansson, Jukka"]
[Black "Monninger, Moritz"]
[Result "0-1"]
[WhiteElo "2076"]
[BlackElo "2170"]
[PlyCount "56"]
[EventDate "2023.07.26"]
[EventRounds "7"]
[EventCountry "GER"]

1. d4 d5 2. c4 e6 3. Nf3 Nf6 4. Nc3 Be7 5. Bf4 O-O 6. e3 b6 7. cxd5 Nxd5 8. Nxd5
exd5 9. a3 c5 10. dxc5 bxc5 11. Bd3 Nc6 12. O-O Be6 13. Rc1 g6 14. Qa4 Bd7 15. Qc2
c4 16. Be2 Bf5 17. Qd2 Bf6 18. Nd4 Nxd4 19. exd4 Re8 20. Bf3 Be4 21. Bxe4 Rxe4 22.
Be3 Qb6 23. Rfd1 Rae8 24. g3 h5 25. h4 Qe6 26. Kg2 Bxh4 27. gxh4 Qg4+ 28. Kf1 Qf3
 0-1

[Event "5. Bamberg Open A"]
[Site "Bamberg"]
[Date "2023.07.28"]
[Round "4"]
[Board "1"]
[White "Foerster, Jonas"]
[Black "Mazur, Stefan"]
[Result "1/2-1/2"]
[WhiteElo "2262"]
[BlackElo "2467"]
[PlyCount "124"]
[EventDate "2023.07.26"]
[EventRounds "7"]
[EventCountry "GER"]

1. Nf3 Nf6 2. e3 g6 3. b3 Bg7 4. Bb2 O-O 5. Be2 b6 6. O-O Bb7 7. d4 c5 8. c4 cxd4
9. Nxd4 Nc6 10. Bf3 Qb8 11. Nxc6 Bxc6 12. Nc3 Qb7 13. Bxc6 dxc6 14. Qf3 Rad8 15.
Rfd1 Qc7 16. h3 Nd7 17. Qe2 Nc5 18. b4 Nb7 19. Ne4 Bxb2 20. Qxb2 c5 21. Rd5 Rxd5
22. cxd5 Rd8 23. Rd1 Nd6 24. Nxd6 Qxd6 25. bxc5 bxc5 26. e4 c4 27. Qd4 Rc8 28. e5
Qd7 29. Qc3 Qa4 30. Rd2 Rd8 31. d6 exd6 32. exd6 Qe8 33. Rd4 Qe5 34. Qxc4 Rxd6 35.
Rxd6 Qxd6 36. h4 Kg7 37. g3 Qe5 38. a4 a5 39. Qb5 Kf6 40. Qc6+ Kf5 41. Qd7+ Qe6 42.
Qb5+ Qe5 43. Qd7+ Kf6 44. Qd8+ Kg7 45. Qd7 Qe1+ 46. Kg2 Qe4+ 47. Kg1 Qc4 48. Qb5
Qc3 49. Qe8 Qc7 50. Qe4 Qc5 51. Qe8 h5 52. Qb5 Qc3 53. Qe8 Qc7 54. Qe4 Kf6 55. Qe8
Kf5 56. Kh2 Qc4 57. Qe7 Qd5 58. Qe8 f6 59. Qc8+ Ke4 60. Qe8+ Kf5 61. Qc8+ Ke4 62.
Qe8+ Kf5  1/2-1/2

[Event "5. Bamberg Open A"]
[Site "Bamberg"]
[Date "2023.07.28"]
[Round "4"]
[Board "2"]
[White "Koepke, Christian"]
[Black "Ronka, Erik"]
[Result "1/2-1/2"]
[WhiteElo "2313"]
[BlackElo "2294"]
[PlyCount "63"]
[EventDate "2023.07.26"]
[EventRounds "7"]
[EventCountry "GER"]

1. d4 d5 2. Nf3 Nf6 3. Bf4 c5 4. e3 Nc6 5. Nbd2 e6 6. c3 Nh5 7. Be5 f6 8. Bg3 g6
9. Bb5 a6 10. Ba4 cxd4 11. cxd4 Bd7 12. Rc1 Rc8 13. O-O Nxg3 14. hxg3 b5 15. Bc2
f5 16. Nb3 Bd6 17. Bd3 g5 18. Nc5 g4 19. Nb7 Qc7 20. Nxd6+ Qxd6 21. Nd2 Ke7 22. Re1
h5 23. Nf1 Na7 24. Qd2 b4 25. Rxc8 Rxc8 26. Rc1 Rxc1 27. Qxc1 a5 28. Nd2 a4 29. a3
bxa3 30. bxa3 Bb5 31. Bc2 Kd7 32. Nb1  1/2-1/2

[Event "5. Bamberg Open A"]
[Site "Bamberg"]
[Date "2023.07.28"]
[Round "4"]
[Board "3"]
[White "Moehn, Hans"]
[Black "Fischer, Edwin"]
[Result "1-0"]
[WhiteElo "2382"]
[BlackElo "2216"]
[PlyCount "85"]
[EventDate "2023.07.26"]
[EventRounds "7"]
[EventCountry "GER"]

1. b3 d5 2. Bb2 e6 3. Nf3 Nf6 4. g3 b6 5. c4 dxc4 6. bxc4 Bb7 7. Bg2 Be7 8. O-O c5
9. Qc2 Qc8 10. d3 O-O 11. Nbd2 Rd8 12. Bc3 Nc6 13. Qb2 Qc7 14. Rfb1 Rac8 15. a4 Nb4
16. a5 Bc6 17. Nb3 Qb7 18. axb6 axb6 19. Bxb4 cxb4 20. Nbd4 Rxd4 21. Qxd4 Nd7 22.
Qe3 e5 23. d4 Be4 24. Ne1 Bxg2 25. Nxg2 Rxc4 26. Rd1 h6 27. dxe5 Bc5 28. Qd3 Rd4
29. Qf5 g6 30. Qh3 Nxe5 31. Nf4 h5 32. Rxd4 Bxd4 33. Rd1 Qe4 34. Qg2 Qxg2+ 35. Kxg2
Nc6 36. Nd5 b3 37. Ne7+ Nxe7 38. Rxd4 Nc6 39. Rd5 Na7 40. Rd3 Kf8 41. Rxb3 b5 42.
Rc3 Ke8 43. Rc7  1-0

[Event "5. Bamberg Open A"]
[Site "Bamberg"]
[Date "2023.07.28"]
[Round "4"]
[Board "4"]
[White "Bournel, Antoine"]
[Black "Becker, Tobias"]
[Result "1-0"]
[WhiteElo "2358"]
[BlackElo "2111"]
[PlyCount "69"]
[EventDate "2023.07.26"]
[EventRounds "7"]
[EventCountry "GER"]

1. e4 e5 2. Nf3 Nc6 3. Bc4 Nf6 4. Ng5 d5 5. exd5 Na5 6. Bb5+ c6 7. dxc6 bxc6 8. Bd3
Nd5 9. Nf3 Bd6 10. O-O O-O 11. Re1 f5 12. Nxe5 Qf6 13. Nf3 g5 14. c4 Nf4 15. Bf1
g4 16. d4 gxf3 17. Qxf3 Ne6 18. Qc3 Nb7 19. c5 Bc7 20. b4 Nbd8 21. Bb2 Nf4 22. Qb3+
Be6 23. d5 Bxd5 24. Bxf6 Bxb3 25. Bxd8 Rfxd8 26. axb3 a5 27. g3 Nd5 28. b5 cxb5 29.
Bxb5 Kf7 30. Ra2 Ra7 31. Rae2 Bb8 32. Bc4 Kg6 33. Re8 Rad7 34. Rxd8 Rxd8 35. Rd1
 1-0

[Event "5. Bamberg Open A"]
[Site "Bamberg"]
[Date "2023.07.28"]
[Round "4"]
[Board "5"]
[White "Pribyl, Josef"]
[Black "Kolb, Tobias"]
[Result "0-1"]
[WhiteElo "2230"]
[BlackElo "2325"]
[PlyCount "102"]
[EventDate "2023.07.26"]
[EventRounds "7"]
[EventCountry "GER"]

1. e4 c6 2. d3 d5 3. Nd2 e5 4. Ngf3 Bd6 5. g3 Nf6 6. Bg2 O-O 7. O-O Re8 8. c3 a5
9. Re1 Nbd7 10. Qc2 Qc7 11. b3 b6 12. a3 Ba6 13. Bb2 Rad8 14. b4 Bf8 15. Rad1 h6
16. Bf1 Bb7 17. Nh4 Rc8 18. Nf5 Qb8 19. Qb3 Qa8 20. Bg2 g6 21. Ne3 Rb8 22. Qc2 Bg7
23. a4 Bf8 24. Qb3 h5 25. Ba3 Rbd8 26. Rb1 Bh6 27. Bc1 Rb8 28. Qc2 Rec8 29. Qb3 Rd8
30. Rb2 Qa7 31. Ra2 Qa8 32. Qc2 Nf8 33. bxa5 bxa5 34. Ba3 Rd7 35. Rb2 Ba6 36. exd5
cxd5 37. c4 Ne6 38. Nb3 Rc8 39. Qb1 Bb7 40. cxd5 Nxd5 41. Nc4 Nc3 42. Bxb7 Rxb7 43.
Qc2 Nxa4 44. Rxe5 Nxb2 45. Rxa5 Qb8 46. Bxb2 Rxb3 47. Be5 Rb1+ 48. Kg2 Qb7+ 49. f3
Ng5 50. Qf2 Qd7 51. g4 hxg4  0-1

[Event "5. Bamberg Open A"]
[Site "Bamberg"]
[Date "2023.07.28"]
[Round "4"]
[Board "6"]
[White "Kowalczyk, Pawel"]
[Black "Boehme, Markus"]
[Result "1-0"]
[WhiteElo "2332"]
[BlackElo "2144"]
[PlyCount "31"]
[EventDate "2023.07.26"]
[EventRounds "7"]
[EventCountry "GER"]

1. e4 c5 2. Ne2 Nc6 3. g3 d5 4. Bg2 dxe4 5. Bxe4 Nf6 6. Bg2 g6 7. O-O Bg7 8. Nbc3
h5 9. h3 Bf5 10. d3 Qd7 11. Kh2 Rd8 12. Bg5 O-O 13. Ne4 Bxe4 14. dxe4 Qe6 15. Qe1
Nxe4 16. Nf4  1-0

[Event "5. Bamberg Open A"]
[Site "Bamberg"]
[Date "2023.07.28"]
[Round "4"]
[Board "7"]
[White "Monninger, Moritz"]
[Black "Chassard, Cedric"]
[Result "1/2-1/2"]
[WhiteElo "2170"]
[BlackElo "2326"]
[PlyCount "72"]
[EventDate "2023.07.26"]
[EventRounds "7"]
[EventCountry "GER"]

1. d4 Nf6 2. Bg5 d5 3. e3 c5 4. Bxf6 gxf6 5. dxc5 Nc6 6. a3 e6 7. b4 a5 8. Nd2 axb4
9. axb4 Rxa1 10. Qxa1 Nxb4 11. Qa4+ Nc6 12. Bb5 Bd7 13. Nb3 Bg7 14. Ne2 O-O 15. O-O
f5 16. Nbd4 Qc7 17. Rb1 Rc8 18. Bxc6 Bxc6 19. Qa7 Be8 20. Rxb7 Qxc5 21. Qa6 f4 22.
Nxf4 Bxd4 23. exd4 Qxc2 24. g3 Qd1+ 25. Kg2 Qc2 26. Qd3 Qxd3 27. Nxd3 Rc4 28. Rb4
Rxb4 29. Nxb4 Bb5 30. Kf3 Kg7 31. Kf4 f6 32. Na2 Kg6 33. Nc3 Bc6 34. Ne2 Bb5 35.
Nc3 Bc6 36. Ne2 Bb5  1/2-1/2

[Event "5. Bamberg Open A"]
[Site "Bamberg"]
[Date "2023.07.28"]
[Round "4"]
[Board "8"]
[White "Haack, Kevin"]
[Black "Malkiel, Daniel"]
[Result "1-0"]
[WhiteElo "2296"]
[BlackElo "2142"]
[PlyCount "71"]
[EventDate "2023.07.26"]
[EventRounds "7"]
[EventCountry "GER"]

1. Nf3 Nf6 2. g3 d5 3. Bg2 e6 4. d4 Be7 5. O-O O-O 6. c4 c6 7. Nc3 b6 8. Ne5 Bb7
9. e4 dxc4 10. Nxc4 Ba6 11. b3 b5 12. Ne3 b4 13. Ne2 Bxe2 14. Qxe2 Qxd4 15. Bb2 Qb6
16. Nc4 Qb5 17. Bxf6 Bxf6 18. e5 Be7 19. Rfd1 a5 20. Qe4 Ra7 21. Rd2 a4 22. Rad1
axb3 23. axb3 c5 24. h4 Rc8 25. Nd6 Bxd6 26. Rxd6 Qe8 27. Qd3 h5 28. Rd8 Rxd8 29.
Qxd8 Re7 30. Qb6 Rd7 31. Rc1 Qd8 32. Qxc5 Rd1+ 33. Rxd1 Qxd1+ 34. Kh2 Nd7 35. Qxb4
Qe1 36. Qxe1  1-0

[Event "5. Bamberg Open A"]
[Site "Bamberg"]
[Date "2023.07.28"]
[Round "4"]
[Board "9"]
[White "Roehr, Oliver"]
[Black "Albert, Markus"]
[Result "1/2-1/2"]
[WhiteElo "2139"]
[BlackElo "2256"]
[PlyCount "56"]
[EventDate "2023.07.26"]
[EventRounds "7"]
[EventCountry "GER"]

1. e4 e5 2. Nf3 Nc6 3. Bb5 Nf6 4. O-O Nxe4 5. Re1 Nd6 6. Nxe5 Be7 7. Bf1 Nxe5 8.
Rxe5 O-O 9. d4 Bf6 10. Re1 Re8 11. c3 Nf5 12. Bf4 Rxe1 13. Qxe1 Ne7 14. Nd2 d5 15.
Bd3 Bf5 16. Bxf5 Nxf5 17. Qe2 Qd7 18. Re1 c6 19. Nf3 h6 20. Ne5 Bxe5 21. Qxe5 f6
22. Qe2 Kf7 23. Qh5+ g6 24. Qh3 h5 25. Kf1 Re8 26. Rxe8 Qxe8 27. Qd3 Qe6 28. f3 Ne7
 1/2-1/2